Simpsonowie – postacie - Statystyki

Ogólne statystyki
  • Ten quiz został rozwiązany 52 razy
  • Średni wynik to 18 z 93
Statystyki odpowiedzi
Postać % Poprawnych
Bart Simpson
100%
Homer Simpson
97%
Lisa Simpson
89%
Marge Simpson
82%
Maggie Simpson
79%
Moe Szyslak
63%
Abraham Simpson
53%
Pan Burns
50%
Ned Flanders
47%
Seymour Skinner
45%
Barney Gumble
42%
Milhouse Van Houten
39%
Pomocnik Świętego Mikołaja
39%
Carl Carlson
34%
Klaun Krusty
34%
Nelson Muntz
34%
Pomocnik Bob
34%
Selma Bouvier
34%
Lenny Leonard
32%
Ralph Wiggum
32%
Edna Krabappel
29%
Patty Bouvier
29%
Śnieżynka
29%
Timothy Lovejoy
29%
Todd Flanders
29%
Rod Flanders
26%
Waylon Smithers
26%
Clancy Wiggum
24%
Maude Flanders
24%
Apu Nahasapeemapetilon
21%
Julius Hibbert
21%
Woźny Willie
21%
Gruby Tony
18%
Kent Brockman
18%
Kirk Van Houten
18%
Lou
18%
Poharatka i Zdrapek
18%
Gary Chalmers
16%
Helen Lovejoy
16%
Luann Van Houten
16%
Martin Prince
16%
Pomocnik Mel
16%
Agnes Skinner
13%
Eddie
13%
Jasper Beardly
13%
Jessica Lovejoy
13%
Jimbo Jones
13%
Komiksiarz
13%
Sherri i Terri
13%
Snake Jailbird
13%
Dolph Starbeam
11%
Doris Freedman
11%
Duffman
11%
Hans Moleman
11%
Jacqueline Bouvier
11%
Joe Quimby
11%
Nick Riviera
11%
Otto Mann
11%
Bogaty Teksańczyk
8%
Elizabeth Hoover
8%
Roy Snyder
8%
Trzmiel
8%
Üter Zörker
8%
Arnie Pye
5%
Brandine Spuckler
5%
Cletus Spuckler
5%
Disco Stu
5%
Kearney Zzyzwicz
5%
Lionel Hutz
5%
Przytakiwacz
5%
Rainier Wolfcastle
5%
Constance Harm
3%
Dewey Largo
3%
Gil Gunderson
3%
Herman Hermann
3%
Janey Powell
3%
Jonathan Frink
3%
Kang i Kodos
3%
Kapitan
3%
Luigi Risotto
3%
Manjula Nahasapeemapetilon
3%
Martha Quimby
3%
Marvin Monroe
3%
Sarah Wiggum
3%
Szalona Kociara
3%
Alice Glick
0%
Bernice Hibbert
0%
Błękitnowłosy Prawnik
0%
Gerald Samson
0%
Lindsey Naegle
0%
Murphy Krwawiące Dziąsła
0%
Ruth Powers
0%
Troy McClure
0%
Nie znaleziono quizów pasujących do podanych kryteriów
Rozkład punktacji
Procent ludzi z każdym wynikiem
Percentyl według liczby udzielonych odpowiedzi
Twoja historia wyników
Nie rozwiązałeś tego quizu